| 000 | 00502nam a22001697a 4500 | ||
|---|---|---|---|
| 003 | OSt | ||
| 005 | 20220107122823.0 | ||
| 008 | 161222b xxu||||| |||| 00| 0 eng d | ||
| 040 | _cIIITMK | ||
| 100 |
_aSarang T K (93615013) _911115 |
||
| 245 | _aMalware detection using N-gram file signature (Decision tree algorithm) | ||
| 300 | _aCSIS - Mini 3rd sem | ||
| 502 |
_bCSIS _c2015-17 _dINT _eProf. Meraj Uddin |
||
| 650 |
_aCOMPUTER SCIENCE _911116 |
||
| 650 |
_aMALWARE DETECTION _911117 |
||
| 942 |
_2ddc _cPR |
||
| 999 |
_c5510 _d5510 |
||